000 00776cam a2200241 a 4500
001 11843898
005 20250203200600.0
008 991116s1999 nyu 001 0 eng
020 _a156662746X (alk. paper)
050 0 0 _aKF801.A7
_bM73 1999
082 0 0 _a346.7302
_221
100 1 _aRosett, Arthur I.
_q(Arthur Irwin),
_d1934-2011.
245 1 0 _aContract law and its application /
_cby Arthur Rosett, Daniel J. Bussel.
250 _a6th ed.
260 _aNew York, N.Y. :
_bFoundation Press,
_c1999.
300 _axxxiii, 928 p. ;
_c26 cm.
440 0 _aUniversity casebook series
500 _aIncludes index.
500 _aAccompanied by: Teacher's manual. 2000.
650 0 _aContracts
_zUnited States
_xCases.
700 1 _aBussel, Daniel J.
942 _2lcc
_cBK
_n0
999 _c3405
_d3405